Normal view
MARC view
- Boyd-Davis, Edna,
Entry Personal Name
001 - CONTROL NUMBER
- control field: 5822
003 - CONTROL NUMBER IDENTIFIER
- control field: URS
005 - DATE AND TIME OF LATEST TRANSACTION
- control field: 20240618193157.0
008 - FIXED-LENGTH DATA ELEMENTS
- fixed length control field: 240618|| aca||aabn | a|a d
040 ## - CATALOGING SOURCE
- Original cataloging agency: URS
100 ## - HEADING--PERSONAL NAME
- Personal name: Boyd-Davis, Edna,
- Relator term: author.